| 000 | 01548cam a22003374a 4500 | ||
|---|---|---|---|
| 999 |
_c330221 _d330221 |
||
| 001 | 14497179 | ||
| 003 | NUST | ||
| 005 | 20170614112112.0 | ||
| 008 | 060813s2006 enka b 001 0 eng | ||
| 010 | _a 2006386615 | ||
| 020 | _z817141267x | ||
| 035 | _a(OCoLC)ocm62306967 | ||
| 040 |
_aDLC _cDLC _dDLC |
||
| 050 | 0 | 0 |
_aTD196.C45 _bC4858 2006 |
| 082 | 0 | 0 |
_a577.14 MID _222 |
| 100 |
_aMido,Y _92648 |
||
| 245 | 0 | 0 |
_aChemicals in the environment / _cY.Mido |
| 260 |
_aIndia _bDiscovery publishing house., _c1995. |
||
| 300 |
_axiv, 189 p. : _bill. ; _c24 cm. |
||
| 490 | 0 |
_aIssues in environmental science and technology, _x1350-7583 ; _v22 |
|
| 500 | _aH.B | ||
| 504 | _aIncludes bibliographical references. | ||
| 650 | 0 |
_aPollution. _92629 |
|
| 650 | 0 |
_aEcological risk assessment. _92621 |
|
| 700 | 1 |
_aHester, R. E. _q(Ronald E.) _92649 |
|
| 700 | 1 |
_aHarrison, Roy M., _d1948- _92650 |
|
| 856 | 4 | 1 |
_3Table of contents only _uhttp://www.loc.gov/catdir/toc/fy0707/2006386615.html |
| 856 | 4 | 2 |
_3Publisher description _uhttp://www.loc.gov/catdir/enhancements/fy0663/2005472642-d.html |
| 906 |
_a7 _bcbc _corigcop _d2 _encip _f20 _gy-gencatlg |
||
| 942 |
_2ddc _cBK _kIESE |
||